| 000 | 00570nam a22002051 4500 | ||
|---|---|---|---|
| 008 | |||
| 090 | 0 | _aNA680TAU. | |
| 100 | 1 | _aTaut, Bruno. | |
| 245 | 1 | 0 |
_aModern architecture / _cby Bruno Taut. |
| 260 |
_aLondon : _bStudio, ltd., _c[1929]. |
||
| 300 |
_ax, 212 p. : _bill., plates. ; _c30 cm. |
||
| 504 | _aIncludeas bibliographical references. | ||
| 650 | 0 | _aArchitecture. | |
| 907 |
_a.b10188848 _b12-03-12 _c31-01-06 |
||
| 003 | |||
| 005 | 20230120131026.0 | ||
| 040 | _cNUST | ||
| 049 | _aMAIN | ||
| 942 |
_cBOOKS _kNA680TAU. |
||
| 999 |
_c95533 _d95533 |
||